Provinces in China - Statistics

General Stats
  • This quiz has been taken 108 times
    103 since last reset
  • The average score is 18 of 34
Answers on the Grid
Answers color-coded by a green-red scale on the quiz's grid according to % correct below.
Anhui
Beijing
Chaoxian
Chongqing
Fujian
Fuzhou
Gansu
Guangxi
Guangdong
Guizhou
Hainan
Hangzhou
Hebei
Heilongjiang
Henan
Hong Kong (Xianggang)
Hubei
Hunan
Jiangsu
Jiangxi
Jilin
Liaoning
Macau (Aomen)
Nanjing
Neimenggu (Inner Mongolia)
Ningxia
Qinghai
Shandong
Shanghai
Shanxi (山西)
Shanxi (陝西)
Shenzhen
Sichuan
Taiwan
Tianjin
Tibet (Xizang)
Wuhan
Xinjiang
Yunnan
Zhejiang
 
Answer Stats
Answer % Correct
Beijing
78%
Anhui
68%
Fujian
66%
Chongqing
63%
Guangdong
61%
Hunan
59%
Hebei
56%
Heilongjiang
56%
Shanxi (山西)
56%
Hainan
54%
Hubei
54%
Neimenggu (Inner Mongolia)
54%
Ningxia
54%
Shanghai
54%
Sichuan
54%
Guizhou
51%
Hong Kong (Xianggang)
51%
Jiangsu
51%
Liaoning
51%
Gansu
49%
Guangxi
49%
Henan
49%
Jilin
49%
Qinghai
49%
Tianjin
49%
Tibet (Xizang)
49%
Yunnan
49%
Jiangxi
46%
Macau (Aomen)
46%
Xinjiang
46%
Zhejiang
46%
Shandong
41%
Shanxi (陝西)
41%
Taiwan
37%
No matching quizzes found
Score Distribution
Percent of People with Each Score
Percentile by Number Answered
Your Score History
You have not taken this quiz since the last reset